| 000 | 00806cam a2200241 a 4500 | ||
|---|---|---|---|
| 001 | 000011617 | ||
| 005 | 20200929162514.0 | ||
| 008 | 860905s1988 cu a b 000 0 spa d | ||
| 040 |
_aDO-SdBNP _bspa _cLC _dBNPHU |
||
| 082 |
_a641.2597291 _bC198h, 1988 |
||
| 100 | 1 |
_aCampoamor, Fernando G., _d1914- _927479 |
|
| 245 | 1 | 3 |
_aEl hijo alegre de la caña de azúcar : _bbiografía del ron cubana / _cFernando G. Campoamor. |
| 250 | _a2a ed. | ||
| 260 |
_aLa Habana : _bCientífico-Técnica, _c1988. |
||
| 300 |
_a147 p. : _bil. ; _c23 cm. |
||
| 650 | 4 |
_aRon _xHistoria _zCuba _927480 |
|
| 650 | 4 |
_aIndustria licorera _zCuba _927481 |
|
| 650 | 4 |
_aAlcohol _927482 |
|
| 650 | 4 |
_aProductos de la caña de azúcar _zCuba _927483 |
|
| 650 | 4 |
_aDestilación _927484 |
|
| 910 | _aCatalogación derivada | ||
| 049 | _aBNPHU | ||
| 999 |
_c11310 _d11310 |
||